000 00520nam a2200169 i 4500
001 61243
003 ES-MaACL
005 20250809042451.0
008 031111s1932 sp |||| | spa d
245 0 0 _aEstatuto de la Liga EspaƱola de los Derechos del Hombre.
260 _aMadrid :
_bImp. de Julio Cosano,
_c1932.
300 _a24 p. ;
_c20 cm.
610 2 4 _aLiga EspaƱola de los Derechos del Hombre.
_9170914
650 0 7 _aDerechos humanos
_2embne
_911770
852 _aES-MaACL
_j1777-F-1
999 _c61243
_d61243